000
00318nam a22001337a 4500
008
170324b xxu||||| |||| 00| 0 eng d
020
_a
9780838540459
041
_a
eng
080
_a
615.83
100
_a
8
101
_a
SHM
245
_a
CLINICAL DECISION MAKING THERAPEUTIC EXERCISE
_c
SULLIVAN.P.E
942
_2
udc
_c
BK
999
_c
8552
_d
8552